000 00306nam a2200145Ia 4500
100 _aCasad/ Joe/ Willsey/ Bob
942 _cBK
654 _acomputer
245 _aT.Y. TCP/LP in 24 hours
260 _bTechmedia
_c1999
082 _a4.65
_bCAS/WIL
300 _a348
546 _aENGLISH
999 _c28044
_d28044